Aktívna matka v aute
Gespeichert in:
| 1. Verfasser: | |
|---|---|
| Weitere Verfasser: | |
| Format: | Manuskript Buch |
| Sprache: | Slowakisch |
| Veröffentlicht: |
Bratislava
2020
|
| Schlagworte: | |
| Online-Zugang: | http://is.stuba.sk/zp/portal_zp.pl?podrobnosti=139118 |
| Tags: |
Keine Tags, Fügen Sie das erste Tag hinzu!
|
MARC
| LEADER | 00000ntm a22000003a 4500 | ||
|---|---|---|---|
| 001 | stuzp80120 | ||
| 003 | SK-STU | ||
| 005 | 20200811121042.6 | ||
| 007 | ta | ||
| 008 | 150427s2015----xo-----f-mn---000-0-slo-d | ||
| 040 | |a STU |b slo | ||
| 041 | 0 | |a slo | |
| 100 | 1 | |a Kvaššayová, Paulína |u 059190 |4 aut |U FAD Fakulta architektúry |T FA Ústav dizajnu |X 88040 |U A9190 |Y 400 |7 88040 | |
| 242 | 0 | 1 | |a Active Mother Car Kit |y eng |
| 245 | 1 | 0 | |a Aktívna matka v aute |
| 260 | |c 2020 |a Bratislava | ||
| 650 | 4 | |a organizácia |2 slo | |
| 650 | 4 | |a viac-účelovosť |2 slo | |
| 650 | 4 | |a udržateľnosť |2 slo | |
| 650 | 4 | |a multipurpose |2 eng | |
| 650 | 4 | |a organization |2 eng | |
| 650 | 4 | |a sustainability |2 eng | |
| 700 | 1 | |a Lipková, Michala |u 059190 |k Z1 |4 ths |U FAD Fakulta architektúry |T FA Ústav dizajnu |X 15371 |U A9190 |Y 400 |7 A000015371 | |
| 856 | 4 | |u http://is.stuba.sk/zp/portal_zp.pl?podrobnosti=139118 |u https://opac.crzp.sk/?fn=detailBiblioForm&sid=F50A3640C856E5108FE4B361DB62 | |